[Event "Ghent Taminco op 38th"]
[Site "Ghent"]
[Date "2015.07.18"]
[Round "1"]
[White "Vander Cruyssen, Piet"]
[Black "Docx, Stefan"]
[Result "0-1"]
[WhiteElo "1827"]
[BlackElo "2417"]
[PlyCount "33"]
[EventDate "2015.07.18"]
[EventType "swiss"]
[EventRounds "9"]
[EventCountry "BEL"]
[SourceTitle "CBM 167 Extra"]
[Source "ChessBase"]
[SourceDate "2015.09.14"]
[SourceVersion "1"]
[SourceVersionDate "2015.09.14"]
[SourceQuality "1"]

1. d4 Nf6 2. Nc3 d5 3. e4 Nxe4 4. Nxe4 dxe4 5. f3 e5 6. Be3 exd4 7. Bxd4 Nc6 8. Bb5 Bd7 9. Bc3 Bc5 10. Qd5 Qe7 11. 0-0-0 0-0-0 12. Qxe4 Qg5+ 13. f4 Qh6 14. Bxc6 bxc6 15. Qf3 f6 16. Qg3 Bf5 17. Nf3 0-1